000 00666nam a2200217 u 4500
005 20220610063500.0
008 100531s2000 r 000 0 eng d
020 _a8426131786
035 _aUPN01000176220
049 _aCG
050 4 _aG470
_bR6.4
100 1 _aRomero, Josep Maria,
_d1956-
245 1 3 _aEl jardín de hielo :
_bel primer velero español en la Antártida /
_cJosep María Romero.
260 _aBarcelona, Esp. :
_bJuventud,
_c2000.
300 _a157 p. :
_bil. col.
440 0 _aViajes y expediciones
650 0 _aViajes y travesías
_911045
650 4 _aVIAJES MARITIMOS
_917573
651 4 _aREGIONES ANTARTICAS
_917880
905 _aLibro
999 _c148323
_d148323